[Event "Blondes - Brunettes"]
[Site "Moscow"]
[Date "2020.03.15"]
[Round "10.3"]
[White "Maltsevskaya, Aleksandra"]
[Black "Bodnaruk, Anastasia"]
[Result "1-0"]
[BlackElo "2415"]
[WhiteElo "2306"]
[LiveChessVersion "1.4.8"]

1. e4 {[%clk 0:03:02]} c5 {[%clk 0:03:03]} 2. Nf3 {[%clk 0:03:03]} d6
{[%clk 0:03:04]} 3. d4 {[%clk 0:03:03]} cxd4 {[%clk 0:03:05]} 4. Nxd4
{[%clk 0:03:04]} Nf6 {[%clk 0:03:07]} 5. Nc3 {[%clk 0:03:05]} a6 {[%clk 0:03:08]}
6. g3 {[%clk 0:03:05]} e5 {[%clk 0:03:07]} 7. Nb3 {[%clk 0:03:04]} Be7
{[%clk 0:03:01]} 8. Bg2 {[%clk 0:03:07]} b5 {[%clk 0:02:48]} 9. O-O
{[%clk 0:03:06]} Bb7 {[%clk 0:02:42]} 10. a4 {[%clk 0:03:06]} b4 {[%clk 0:02:36]}
11. Nd5 {[%clk 0:03:07]} Nxd5 {[%clk 0:02:36]} 12. exd5 {[%clk 0:03:08]} a5
{[%clk 0:02:33]} 13. Bd2 {[%clk 0:03:08]} O-O {[%clk 0:02:27]} 14. c3
{[%clk 0:03:09]} Na6 {[%clk 0:02:15]} 15. cxb4 {[%clk 0:03:05]} Nxb4
{[%clk 0:02:13]} 16. Bxb4 {[%clk 0:02:46]} axb4 {[%clk 0:02:14]} 17. Qd2
{[%clk 0:02:46]} Qb6 {[%clk 0:02:00]} 18. Rfc1 {[%clk 0:02:16]} Rfc8
{[%clk 0:01:07]} 19. Rc6 {[%clk 0:01:15]} Bxc6 {[%clk 0:00:48]} 20. dxc6
{[%clk 0:01:15]} d5 {[%clk 0:00:44]} 21. Qxd5 {[%clk 0:01:08]} Qc7
{[%clk 0:00:36]} 22. a5 {[%clk 0:01:06]} Rd8 {[%clk 0:00:35]} 23. Qb5
{[%clk 0:01:04]} Ra7 {[%clk 0:00:26]} 24. h4 {[%clk 0:00:56]} f5 {[%clk 0:00:17]}
25. Qc4+ {[%clk 0:00:52]} Kh8 {[%clk 0:00:17]} 26. a6 {[%clk 0:00:43]} Qb6
{[%clk 0:00:09]} 27. Qe6 {[%clk 0:00:35]} e4 {[%clk 0:00:05]} 28. Qxf5
{[%clk 0:00:22]} Rf8 {[%clk 0:00:06]} 29. Qxe4 {[%clk 0:00:14]} Qxf2+
{[%clk 0:00:07]} 30. Kh2 {[%clk 0:00:15]} Bd6 {[%clk 0:00:07]} 31. Qg4
{[%clk 0:00:14]} Qxb2 {[%clk 0:00:05]} 32. Rd1 {[%clk 0:00:08]} Qxb3 33. Rxd6
{[%clk 0:00:08]} Raf7 {[%clk 0:00:03]} 34. Rd7 {[%clk 0:00:07]} Rf6
{[%clk 0:00:03]} 35. Qxg7# 1-0

[Event "Blondes - Brunettes"]
[Site "Moscow"]
[Date "2020.03.15"]
[Round "10.4"]
[White "Danielian, Elina"]
[Black "Charochkina, Daria"]
[Result "1-0"]
[BlackElo "2332"]
[WhiteElo "2262"]
[LiveChessVersion "1.4.8"]

1. d4 {[%clk 0:03:03]} d6 {[%clk 0:03:00]} 2. Nf3 {[%clk 0:03:02]} Nf6
{[%clk 0:03:01]} 3. Bg5 {[%clk 0:02:45]} Ne4 {[%clk 0:02:46]} 4. Bh4
{[%clk 0:02:43]} g6 {[%clk 0:02:30]} 5. e3 {[%clk 0:02:36]} Bg7 {[%clk 0:02:28]}
6. Bd3 {[%clk 0:02:36]} d5 {[%clk 0:02:25]} 7. c4 {[%clk 0:02:29]} c6
{[%clk 0:02:25]} 8. Qc2 {[%clk 0:02:03]} Nd6 {[%clk 0:01:35]} 9. cxd5
{[%clk 0:01:48]} cxd5 {[%clk 0:01:35]} 10. Nc3 {[%clk 0:01:49]} Be6
{[%clk 0:01:06]} 11. Ng5 {[%clk 0:01:22]} O-O {[%clk 0:01:06]} 12. O-O
{[%clk 0:01:12]} Nc6 {[%clk 0:01:04]} 13. a3 {[%clk 0:01:02]} Rc8
{[%clk 0:00:58]} 14. Rac1 {[%clk 0:01:03]} Na5 {[%clk 0:00:36]} 15. Rfd1
{[%clk 0:00:52]} Nf5 {[%clk 0:00:35]} 16. Nxe6 {[%clk 0:00:42]} fxe6
{[%clk 0:00:36]} 17. Bg5 {[%clk 0:00:37]} Nc4 {[%clk 0:00:33]} 18. Qe2
{[%clk 0:00:28]} Qd7 {[%clk 0:00:30]} 19. h3 {[%clk 0:00:25]} Kh8
{[%clk 0:00:29]} 20. Rc2 {[%clk 0:00:19]} Rc6 {[%clk 0:00:25]} 21. Rdc1
{[%clk 0:00:17]} Rfc8 {[%clk 0:00:26]} 22. Bf4 {[%clk 0:00:17]} Nfd6
{[%clk 0:00:17]} 23. e4 {[%clk 0:00:12]} Bxd4 {[%clk 0:00:16]} 24. exd5
{[%clk 0:00:13]} exd5 {[%clk 0:00:17]} 25. Nxd5 {[%clk 0:00:13]} e6
{[%clk 0:00:10]} 26. Nb4 {[%clk 0:00:08]} Nb6 {[%clk 0:00:05]} 27. Nxc6
{[%clk 0:00:09]} bxc6 {[%clk 0:00:06]} 28. Be5+ {[%clk 0:00:08]} Bxe5
{[%clk 0:00:06]} 29. Qxe5+ {[%clk 0:00:08]} Kg8 {[%clk 0:00:07]} 30. Be4
{[%clk 0:00:07]} Nxe4 {[%clk 0:00:06]} 31. Qxe4 {[%clk 0:00:08]} Nd5
{[%clk 0:00:07]} 32. Re2 {[%clk 0:00:09]} Re8 {[%clk 0:00:08]} 33. Rce1
{[%clk 0:00:10]} Kf7 34. g3 Qd6 {[%clk 0:00:09]} 35. h4 {[%clk 0:00:12]} h5
{[%clk 0:00:09]} 36. Kg2 {[%clk 0:00:12]} Re7 {[%clk 0:00:09]} 37. Qf3+
{[%clk 0:00:11]} Kg7 {[%clk 0:00:10]} 38. Re5 {[%clk 0:00:10]} Qd7
{[%clk 0:00:09]} 39. Qe4 {[%clk 0:00:11]} Nf6 {[%clk 0:00:10]} 40. Qe2
{[%clk 0:00:09]} Qd4 {[%clk 0:00:07]} 41. Rxe6 {[%clk 0:00:09]} Qd5+
{[%clk 0:00:08]} 42. Kg1 {[%clk 0:00:09]} Rf7 {[%clk 0:00:05]} 43. Re7
{[%clk 0:00:09]} Ng4 {[%clk 0:00:05]} 44. Rxf7+ {[%clk 0:00:09]} Kxf7
{[%clk 0:00:03]} 45. Qe7+ {[%clk 0:00:10]} Kg8 {[%clk 0:00:03]} 46. Qe8+
{[%clk 0:00:10]} Kg7 {[%clk 0:00:03]} 47. Re7+ {[%clk 0:00:09]} 1-0

[Event "Blondes - Brunettes"]
[Site "Moscow"]
[Date "2020.03.15"]
[Round "10.5"]
[White "Girya, Olga"]
[Black "Voit, Daria"]
[Result "1/2-1/2"]
[BlackElo "2326"]
[WhiteElo "2250"]
[LiveChessVersion "1.4.8"]

1. d4 {[%clk 0:03:03]} Nf6 {[%clk 0:03:03]} 2. c4 {[%clk 0:03:04]} e6
{[%clk 0:03:04]} 3. Nf3 {[%clk 0:03:05]} b6 {[%clk 0:03:05]} 4. g3
{[%clk 0:03:06]} Bb7 {[%clk 0:03:06]} 5. Bg2 {[%clk 0:03:07]} Be7
{[%clk 0:03:07]} 6. O-O {[%clk 0:03:07]} O-O {[%clk 0:03:07]} 7. Nc3
{[%clk 0:03:08]} Ne4 {[%clk 0:03:07]} 8. Bd2 {[%clk 0:03:10]} f5 {[%clk 0:03:03]}
9. Ne5 {[%clk 0:03:09]} Nxc3 {[%clk 0:02:59]} 10. Bxc3 {[%clk 0:03:09]} Bxg2
{[%clk 0:02:59]} 11. Kxg2 {[%clk 0:03:09]} d6 {[%clk 0:03:00]} 12. Nd3
{[%clk 0:03:00]} Bf6 {[%clk 0:02:30]} 13. Rc1 {[%clk 0:02:42]} Qe8
{[%clk 0:02:26]} 14. f3 {[%clk 0:02:36]} Nd7 {[%clk 0:02:24]} 15. e3
{[%clk 0:01:35]} e5 {[%clk 0:02:12]} 16. dxe5 {[%clk 0:01:26]} Nxe5
{[%clk 0:02:11]} 17. Nxe5 {[%clk 0:01:26]} dxe5 {[%clk 0:01:56]} 18. e4
{[%clk 0:01:09]} Rd8 {[%clk 0:01:16]} 19. Qe2 {[%clk 0:01:10]} Qg6
{[%clk 0:00:58]} 20. Rcd1 {[%clk 0:01:08]} fxe4 {[%clk 0:00:57]} 21. Qxe4
{[%clk 0:01:06]} Qxe4 {[%clk 0:00:57]} 22. fxe4 {[%clk 0:01:06]} Rfe8
{[%clk 0:00:57]} 23. Kf3 {[%clk 0:00:53]} Kf7 {[%clk 0:00:57]} 24. Ke2
{[%clk 0:00:51]} Ke6 {[%clk 0:00:58]} 25. h4 {[%clk 0:00:38]} c6 {[%clk 0:00:54]}
26. h5 {[%clk 0:00:30]} Rxd1 {[%clk 0:00:43]} 27. Rxd1 {[%clk 0:00:29]} Rd8
{[%clk 0:00:44]} 28. Rf1 {[%clk 0:00:23]} h6 {[%clk 0:00:22]} 29. Rf5
{[%clk 0:00:23]} Rd7 {[%clk 0:00:18]} 30. Rf3 {[%clk 0:00:23]} Rd8
{[%clk 0:00:19]} 31. a4 {[%clk 0:00:19]} a5 {[%clk 0:00:16]} 32. Rd3
{[%clk 0:00:11]} Rxd3 {[%clk 0:00:15]} 33. Kxd3 {[%clk 0:00:12]} c5
{[%clk 0:00:15]} 34. Bd2 {[%clk 0:00:11]} Be7 {[%clk 0:00:14]} 35. Ke2
{[%clk 0:00:12]} Bd8 {[%clk 0:00:15]} 36. Kf3 {[%clk 0:00:13]} Be7
{[%clk 0:00:15]} 37. Kg4 Bd8 38. Bc3 {[%clk 0:00:10]} Be7 {[%clk 0:00:17]} 39.
Bd2 {[%clk 0:00:11]} Bd8 40. Be3 Be7 {[%clk 0:00:20]} 41. Bc1 {[%clk 0:00:14]}
Bd8 {[%clk 0:00:22]} 42. Bd2 {[%clk 0:00:15]} Be7 {[%clk 0:00:23]} 43. Kf3
{[%clk 0:00:07]} Bd8 {[%clk 0:00:24]} 44. g4 {[%clk 0:00:08]} Bg5
{[%clk 0:00:22]} 45. Bc3 {[%clk 0:00:08]} Bh4 {[%clk 0:00:19]} 46. b3
{[%clk 0:00:09]} Bg5 {[%clk 0:00:20]} 47. Be1 {[%clk 0:00:10]} Kf6
{[%clk 0:00:18]} 48. Bf2 {[%clk 0:00:10]} Ke6 {[%clk 0:00:19]} 49. Ke2
{[%clk 0:00:07]} Kf6 {[%clk 0:00:19]} 50. Kd3 {[%clk 0:00:07]} Ke6
{[%clk 0:00:16]} 51. Kc2 {[%clk 0:00:06]} Bd8 {[%clk 0:00:14]} 52. Kc3
{[%clk 0:00:06]} Kd6 {[%clk 0:00:15]} 53. Be3 {[%clk 0:00:07]} Be7
{[%clk 0:00:15]} 54. Kd3 {[%clk 0:00:07]} Bg5 {[%clk 0:00:15]} 55. Bf2
{[%clk 0:00:07]} Bf6 {[%clk 0:00:16]} 56. Ke2 {[%clk 0:00:07]} Bg5
{[%clk 0:00:16]} 57. Kf3 {[%clk 0:00:08]} Be7 {[%clk 0:00:14]} 58. Be1
{[%clk 0:00:08]} Ke6 {[%clk 0:00:14]} 59. Bc3 {[%clk 0:00:08]} Kd6
{[%clk 0:00:14]} 60. Bd2 Ke6 61. Be3 {[%clk 0:00:11]} Bg5 {[%clk 0:00:16]} 62.
Bf2 {[%clk 0:00:12]} Kd6 {[%clk 0:00:17]} 63. Ke2 {[%clk 0:00:10]} Be7 1/2-1/2

[Event "Blondes - Brunettes"]
[Site "Moscow"]
[Date "2020.03.15"]
[Round "10.6"]
[White "Kovalevskaya, Ekaterina"]
[Black "Shuvalova, Polina"]
[Result "1/2-1/2"]
[BlackElo "2319"]
[WhiteElo "2243"]
[LiveChessVersion "1.4.8"]

1. e4 {[%clk 0:03:03]} c6 {[%clk 0:03:03]} 2. Nc3 {[%clk 0:03:03]} d5
{[%clk 0:03:05]} 3. Nf3 {[%clk 0:03:03]} Nf6 {[%clk 0:03:01]} 4. Qe2
{[%clk 0:02:39]} dxe4 {[%clk 0:02:35]} 5. Nxe4 {[%clk 0:02:40]} Nxe4
{[%clk 0:02:29]} 6. Qxe4 {[%clk 0:02:40]} Nd7 {[%clk 0:02:26]} 7. d4
{[%clk 0:01:57]} Nf6 {[%clk 0:02:26]} 8. Qh4 {[%clk 0:01:57]} Bg4
{[%clk 0:02:17]} 9. Be2 {[%clk 0:01:51]} e6 {[%clk 0:02:04]} 10. Bg5
{[%clk 0:01:45]} Bf5 {[%clk 0:01:59]} 11. Bxf6 {[%clk 0:01:25]} Qxf6
{[%clk 0:01:57]} 12. Qxf6 {[%clk 0:01:22]} gxf6 {[%clk 0:01:58]} 13. O-O-O
{[%clk 0:01:16]} Rg8 {[%clk 0:01:58]} 14. g3 {[%clk 0:01:14]} Be4
{[%clk 0:01:32]} 15. Rhe1 {[%clk 0:01:11]} Bh6+ {[%clk 0:01:26]} 16. Nd2
{[%clk 0:00:58]} Bg6 {[%clk 0:00:37]} 17. f4 {[%clk 0:00:51]} O-O-O
{[%clk 0:00:37]} 18. Nf3 {[%clk 0:00:40]} Rge8 {[%clk 0:00:31]} 19. Kb1
{[%clk 0:00:25]} Kc7 {[%clk 0:00:32]} 20. Bd3 {[%clk 0:00:20]} Bf8
{[%clk 0:00:29]} 21. Bxg6 {[%clk 0:00:18]} hxg6 {[%clk 0:00:27]} 22. h4
{[%clk 0:00:18]} b5 {[%clk 0:00:26]} 23. c3 {[%clk 0:00:19]} a5 {[%clk 0:00:25]}
24. Kc2 {[%clk 0:00:20]} a4 {[%clk 0:00:26]} 25. Nd2 {[%clk 0:00:17]} f5
{[%clk 0:00:22]} 26. Nf3 {[%clk 0:00:18]} Bg7 {[%clk 0:00:21]} 27. Ne5
{[%clk 0:00:16]} Bxe5 {[%clk 0:00:21]} 28. Rxe5 {[%clk 0:00:16]} Ra8
{[%clk 0:00:15]} 29. Rde1 {[%clk 0:00:17]} Kd6 {[%clk 0:00:15]} 30. R5e2
{[%clk 0:00:17]} Rh8 {[%clk 0:00:15]} 31. Rd2 {[%clk 0:00:17]} Rhd8
{[%clk 0:00:12]} 32. Rde2 {[%clk 0:00:18]} Ke7 {[%clk 0:00:12]} 33. Rd2
{[%clk 0:00:18]} Rd5 {[%clk 0:00:12]} 34. Re5 {[%clk 0:00:18]} Rad8
{[%clk 0:00:11]} 35. Rxd5 {[%clk 0:00:15]} cxd5 {[%clk 0:00:10]} 36. Kd3
{[%clk 0:00:15]} Kd6 {[%clk 0:00:11]} 37. Rh2 {[%clk 0:00:14]} Rh8
{[%clk 0:00:11]} 38. a3 {[%clk 0:00:09]} 1/2-1/2

[Event "Blondes - Brunettes"]
[Site "Moscow"]
[Date "2020.03.15"]
[Round "10.7"]
[White "Bivol, Alina"]
[Black "Dordzhieva, Dinara"]
[Result "1-0"]
[BlackElo "2273"]
[WhiteElo "2219"]
[LiveChessVersion "1.4.8"]

1. Nf3 {[%clk 0:03:03]} d5 {[%clk 0:03:03]} 2. g3 {[%clk 0:03:04]} c6
{[%clk 0:03:03]} 3. Bg2 {[%clk 0:03:05]} Bg4 {[%clk 0:03:04]} 4. O-O
{[%clk 0:03:04]} e6 {[%clk 0:03:05]} 5. h3 {[%clk 0:03:05]} Bh5 {[%clk 0:03:05]}
6. d3 {[%clk 0:03:05]} Nd7 {[%clk 0:03:05]} 7. e4 {[%clk 0:03:02]} Ngf6
{[%clk 0:02:58]} 8. Qe1 {[%clk 0:02:48]} dxe4 {[%clk 0:02:33]} 9. dxe4
{[%clk 0:02:48]} e5 {[%clk 0:02:35]} 10. Nbd2 {[%clk 0:02:35]} Bc5
{[%clk 0:02:35]} 11. Nc4 {[%clk 0:02:33]} Qc7 {[%clk 0:02:35]} 12. b4
{[%clk 0:02:22]} Be7 {[%clk 0:02:26]} 13. Bb2 {[%clk 0:02:23]} Bxf3
{[%clk 0:02:25]} 14. Bxf3 {[%clk 0:02:24]} O-O {[%clk 0:02:24]} 15. a3
{[%clk 0:02:15]} b5 {[%clk 0:02:18]} 16. Ne3 {[%clk 0:02:15]} g6 {[%clk 0:02:16]}
17. c4 {[%clk 0:02:11]} Nb6 {[%clk 0:01:51]} 18. Rc1 {[%clk 0:02:08]} Qb8
{[%clk 0:01:39]} 19. cxb5 {[%clk 0:01:57]} cxb5 {[%clk 0:01:40]} 20. Qe2
{[%clk 0:01:33]} Re8 {[%clk 0:01:34]} 21. Qxb5 {[%clk 0:01:31]} Bf8
{[%clk 0:01:27]} 22. Rfd1 {[%clk 0:01:27]} Bh6 {[%clk 0:01:09]} 23. Rc6
{[%clk 0:01:15]} Nbd7 {[%clk 0:00:33]} 24. Qxb8 {[%clk 0:01:08]} Raxb8 25. Nc4
{[%clk 0:01:02]} Bf8 {[%clk 0:00:31]} 26. Rc7 {[%clk 0:01:00]} Rec8
{[%clk 0:00:19]} 27. Rxc8 {[%clk 0:00:54]} Rxc8 {[%clk 0:00:20]} 28. Nxe5
{[%clk 0:00:55]} Nb6 {[%clk 0:00:14]} 29. Bd4 {[%clk 0:00:41]} Rc2
{[%clk 0:00:09]} 30. Kg2 {[%clk 0:00:19]} h5 {[%clk 0:00:11]} 31. h4
{[%clk 0:00:20]} Ra2 {[%clk 0:00:11]} 32. Rd3 {[%clk 0:00:19]} Bh6
{[%clk 0:00:12]} 33. Nc6 {[%clk 0:00:18]} Nfd7 {[%clk 0:00:06]} 34. e5
{[%clk 0:00:19]} Bc1 {[%clk 0:00:07]} 35. Bxb6 {[%clk 0:00:09]} Nxb6
{[%clk 0:00:08]} 36. Rd8+ {[%clk 0:00:06]} Kg7 {[%clk 0:00:09]} 37. Ne7
{[%clk 0:00:07]} Be3 {[%clk 0:00:08]} 38. Rg8+ {[%clk 0:00:06]} Kh7
{[%clk 0:00:10]} 39. Be4 {[%clk 0:00:06]} Rxf2+ {[%clk 0:00:11]} 40. Kh3
{[%clk 0:00:07]} Rf1 {[%clk 0:00:08]} 41. e6 {[%clk 0:00:08]} f5 {[%clk 0:00:06]}
42. Bd3 {[%clk 0:00:07]} Nd5 {[%clk 0:00:07]} 43. Bxf1 {[%clk 0:00:08]} Nxe7
{[%clk 0:00:08]} 44. Rb8 {[%clk 0:00:08]} Kg7 {[%clk 0:00:08]} 45. a4
{[%clk 0:00:10]} Kf6 {[%clk 0:00:09]} 46. Bc4 {[%clk 0:00:10]} Nc6
{[%clk 0:00:10]} 47. Rb7 {[%clk 0:00:11]} Ne5 {[%clk 0:00:11]} 48. e7
{[%clk 0:00:11]} 1-0

[Event "Blondes - Brunettes"]
[Site "Moscow"]
[Date "2020.03.15"]
[Round "10.8"]
[White "Badelka, Olga"]
[Black "Guseva, Marina"]
[Result "0-1"]
[BlackElo "2259"]
[WhiteElo "2153"]
[LiveChessVersion "1.4.8"]

1. Nf3 {[%clk 0:03:03]} Nf6 {[%clk 0:03:03]} 2. c4 {[%clk 0:03:04]} e6
{[%clk 0:03:01]} 3. g3 {[%clk 0:03:01]} a6 {[%clk 0:03:02]} 4. Bg2
{[%clk 0:02:58]} b5 {[%clk 0:03:03]} 5. b3 {[%clk 0:02:59]} Bb7 {[%clk 0:03:03]}
6. O-O {[%clk 0:03:00]} Be7 {[%clk 0:03:04]} 7. Bb2 {[%clk 0:03:00]} c5
{[%clk 0:03:00]} 8. a4 {[%clk 0:02:44]} bxc4 {[%clk 0:02:59]} 9. bxc4
{[%clk 0:02:45]} O-O {[%clk 0:02:55]} 10. a5 {[%clk 0:02:39]} Nc6
{[%clk 0:02:54]} 11. Bc3 {[%clk 0:02:38]} Ne4 {[%clk 0:02:50]} 12. Ne5
{[%clk 0:02:05]} Nxc3 {[%clk 0:02:40]} 13. Nxc6 {[%clk 0:01:54]} Nxd1
{[%clk 0:02:14]} 14. Nxd8 {[%clk 0:01:55]} Bxg2 {[%clk 0:02:14]} 15. Kxg2
{[%clk 0:01:32]} Nb2 {[%clk 0:02:13]} 16. Ra2 {[%clk 0:01:25]} Rb8
{[%clk 0:02:08]} 17. d3 {[%clk 0:00:45]} Rfxd8 {[%clk 0:02:07]} 18. Nc3
{[%clk 0:00:42]} Rb4 {[%clk 0:01:54]} 19. f4 {[%clk 0:00:26]} f5 {[%clk 0:01:43]}
20. Rb1 {[%clk 0:00:09]} Rdb8 {[%clk 0:01:44]} 21. Rc1 {[%clk 0:00:08]} Bf6
{[%clk 0:01:41]} 22. Kf3 {[%clk 0:00:07]} Rb3 {[%clk 0:01:20]} 23. Nb1
{[%clk 0:00:04]} Nxd3 {[%clk 0:01:05]} 24. exd3 {[%clk 0:00:05]} Rxb1
{[%clk 0:01:06]} 0-1

[Event "Blondes - Brunettes"]
[Site "Moscow"]
[Date "2020.03.15"]
[Round "10.9"]
[White "Obolentseva, Alexandra"]
[Black "Mirzoeva, Elmira"]
[Result "1-0"]
[BlackElo "2135"]
[WhiteElo "2113"]
[LiveChessVersion "1.4.8"]

1. d4 {[%clk 0:03:02]} d6 {[%clk 0:03:03]} 2. c4 {[%clk 0:03:03]} e5
{[%clk 0:03:04]} 3. Nf3 {[%clk 0:03:03]} e4 {[%clk 0:03:05]} 4. Ng5
{[%clk 0:03:02]} f5 {[%clk 0:03:05]} 5. g3 {[%clk 0:02:45]} Be7 {[%clk 0:03:04]}
6. h4 {[%clk 0:02:44]} Nf6 {[%clk 0:03:02]} 7. Bg2 {[%clk 0:02:37]} c6
{[%clk 0:03:01]} 8. Nc3 {[%clk 0:02:33]} Na6 {[%clk 0:03:00]} 9. a3
{[%clk 0:02:20]} Nc7 {[%clk 0:02:59]} 10. b4 {[%clk 0:02:21]} O-O
{[%clk 0:02:52]} 11. Qb3 {[%clk 0:02:17]} h6 {[%clk 0:02:32]} 12. Nh3
{[%clk 0:02:15]} Be6 {[%clk 0:02:30]} 13. Nf4 {[%clk 0:02:05]} Bf7
{[%clk 0:02:30]} 14. d5 {[%clk 0:01:58]} b5 {[%clk 0:02:01]} 15. Bb2
{[%clk 0:01:18]} g5 {[%clk 0:01:06]} 16. hxg5 {[%clk 0:01:16]} hxg5
{[%clk 0:01:07]} 17. Ne6 {[%clk 0:00:40]} Nxe6 {[%clk 0:01:05]} 18. dxe6
{[%clk 0:00:41]} Bxe6 {[%clk 0:01:06]} 19. Qc2 {[%clk 0:00:41]} bxc4
{[%clk 0:00:48]} 20. Nxe4 {[%clk 0:00:41]} fxe4 {[%clk 0:00:42]} 21. Bxe4
{[%clk 0:00:39]} Rf7 {[%clk 0:00:10]} 22. O-O-O {[%clk 0:00:39]} Rg7
{[%clk 0:00:09]} 23. Rh6 {[%clk 0:00:38]} d5 {[%clk 0:00:10]} 24. Rdh1
{[%clk 0:00:37]} dxe4 {[%clk 0:00:07]} 25. Rh8+ Kf7 26. Rxd8 {[%clk 0:00:38]}
Rxd8 {[%clk 0:00:10]} 27. Rd1 {[%clk 0:00:32]} Rd5 {[%clk 0:00:09]} 28. Rxd5 cxd5
29. Bd4 {[%clk 0:00:30]} a6 {[%clk 0:00:08]} 30. Qb2 {[%clk 0:00:30]} Rh7
{[%clk 0:00:08]} 31. a4 {[%clk 0:00:27]} Rh1+ {[%clk 0:00:04]} 32. Kd2
{[%clk 0:00:28]} e3+ {[%clk 0:00:05]} 33. Kxe3 {[%clk 0:00:28]} Ng4+
{[%clk 0:00:05]} 34. Kf3 {[%clk 0:00:29]} Bf6 {[%clk 0:00:00]} 35. Bxf6
{[%clk 0:00:29]} Nxf6 {[%clk 0:00:00]} 1-0

[Event "Blondes - Brunettes"]
[Site "Moscow"]
[Date "2020.03.15"]
[Round "10.10"]
[White "Fominykh, Maria"]
[Black "Kosteniuk, Oksana"]
[Result "1-0"]
[BlackElo "1927"]
[WhiteElo "2108"]
[LiveChessVersion "1.4.8"]

1. d4 {[%clk 0:03:03]} d5 {[%clk 0:03:03]} 2. c4 {[%clk 0:03:04]} c6
{[%clk 0:03:04]} 3. Nf3 {[%clk 0:03:05]} Nf6 {[%clk 0:03:05]} 4. Nc3
{[%clk 0:03:06]} g6 {[%clk 0:03:04]} 5. cxd5 {[%clk 0:02:55]} Nxd5
{[%clk 0:02:59]} 6. e3 {[%clk 0:02:41]} Bg7 {[%clk 0:02:54]} 7. Be2
{[%clk 0:02:41]} O-O {[%clk 0:02:42]} 8. O-O {[%clk 0:02:41]} Be6
{[%clk 0:02:22]} 9. Ne4 {[%clk 0:02:33]} Nd7 {[%clk 0:02:14]} 10. Neg5
{[%clk 0:02:30]} Bg4 {[%clk 0:02:03]} 11. e4 {[%clk 0:02:13]} N5b6
{[%clk 0:01:51]} 12. h3 {[%clk 0:02:12]} Bxf3 {[%clk 0:01:49]} 13. Nxf3
{[%clk 0:02:12]} Nf6 {[%clk 0:01:47]} 14. Qc2 {[%clk 0:02:07]} Rc8
{[%clk 0:01:41]} 15. Be3 {[%clk 0:02:05]} Qc7 {[%clk 0:01:29]} 16. Rac1
{[%clk 0:02:03]} Qb8 {[%clk 0:01:17]} 17. Ne5 {[%clk 0:01:46]} Rfd8
{[%clk 0:01:13]} 18. Bf3 {[%clk 0:01:27]} Nfd7 {[%clk 0:01:10]} 19. Nxd7
{[%clk 0:01:12]} Rxd7 {[%clk 0:01:05]} 20. Rfd1 {[%clk 0:01:00]} Rcd8
{[%clk 0:01:05]} 21. d5 {[%clk 0:00:20]} cxd5 {[%clk 0:01:05]} 22. Bxb6
{[%clk 0:00:21]} axb6 {[%clk 0:01:05]} 23. exd5 {[%clk 0:00:22]} Qe5
{[%clk 0:00:45]} 24. b3 {[%clk 0:00:21]} Qd6 {[%clk 0:00:37]} 25. Qc4
{[%clk 0:00:21]} Ra8 {[%clk 0:00:33]} 26. a4 {[%clk 0:00:20]} Rdd8
{[%clk 0:00:32]} 27. Qe4 {[%clk 0:00:18]} Bf6 {[%clk 0:00:29]} 28. h4
{[%clk 0:00:16]} h5 {[%clk 0:00:25]} 29. g3 {[%clk 0:00:17]} Kg7 {[%clk 0:00:24]}
30. Kg2 {[%clk 0:00:17]} Rac8 {[%clk 0:00:23]} 31. Rc4 {[%clk 0:00:16]} Rxc4
{[%clk 0:00:20]} 32. Qxc4 {[%clk 0:00:15]} Rd7 {[%clk 0:00:19]} 33. Rc1
{[%clk 0:00:15]} Rd8 {[%clk 0:00:16]} 34. Qc7 {[%clk 0:00:13]} Qd7
{[%clk 0:00:15]} 35. Qxb6 {[%clk 0:00:13]} Rc8 {[%clk 0:00:13]} 36. Rxc8
{[%clk 0:00:12]} Qxc8 {[%clk 0:00:14]} 37. d6 {[%clk 0:00:13]} exd6
{[%clk 0:00:13]} 38. Qxb7 {[%clk 0:00:13]} Qc3 {[%clk 0:00:14]} 39. Qd5
{[%clk 0:00:12]} Bd4 {[%clk 0:00:14]} 40. Qb5 {[%clk 0:00:07]} Qb2
{[%clk 0:00:15]} 41. Qe2 {[%clk 0:00:07]} Qxb3 {[%clk 0:00:15]} 42. a5
{[%clk 0:00:09]} Qa4 {[%clk 0:00:13]} 43. a6 {[%clk 0:00:09]} Qd7
{[%clk 0:00:12]} 44. Qc4 {[%clk 0:00:09]} Bc5 {[%clk 0:00:12]} 45. Bd5
{[%clk 0:00:08]} Qa7 {[%clk 0:00:13]} 46. Qe2 {[%clk 0:00:08]} Bd4
{[%clk 0:00:12]} 47. Bf3 {[%clk 0:00:07]} Bc5 {[%clk 0:00:13]} 48. Bb7
{[%clk 0:00:08]} Bd4 {[%clk 0:00:12]} 49. Qf3 {[%clk 0:00:09]} Bf6
{[%clk 0:00:11]} 50. Qd5 {[%clk 0:00:09]} Bd4 {[%clk 0:00:09]} 51. Qa2
{[%clk 0:00:05]} Bf6 {[%clk 0:00:08]} 52. Qd2 {[%clk 0:00:05]} Bd4
{[%clk 0:00:09]} 53. Qe2 {[%clk 0:00:06]} Bf6 {[%clk 0:00:10]} 54. Qf3
{[%clk 0:00:07]} Bd4 {[%clk 0:00:11]} 55. Qf4 {[%clk 0:00:08]} Bf6
{[%clk 0:00:11]} 56. Qxd6 {[%clk 0:00:08]} Bd4 {[%clk 0:00:11]} 57. Qf4
{[%clk 0:00:09]} Bc5 {[%clk 0:00:12]} 58. Bd5 {[%clk 0:00:08]} Bd4
{[%clk 0:00:11]} 59. Bc4 {[%clk 0:00:08]} Bf6 {[%clk 0:00:12]} 60. Qf3
{[%clk 0:00:08]} Bd4 {[%clk 0:00:12]} 61. Qf4 {[%clk 0:00:08]} Bf6
{[%clk 0:00:12]} 62. Qd2 {[%clk 0:00:07]} Bd4 {[%clk 0:00:13]} 63. Qe2
{[%clk 0:00:07]} Qa8+ {[%clk 0:00:14]} 64. Qf3 {[%clk 0:00:07]} Qa7
{[%clk 0:00:16]} 65. Qf4 {[%clk 0:00:07]} Bf6 {[%clk 0:00:17]} 66. Qe4
{[%clk 0:00:07]} Bd4 {[%clk 0:00:16]} 67. Qd5 {[%clk 0:00:07]} Bf6
{[%clk 0:00:14]} 68. Qxf7+ {[%clk 0:00:06]} Qxf7 {[%clk 0:00:12]} 69. Bxf7
{[%clk 0:00:07]} Bd4 {[%clk 0:00:14]} 70. Bc4 {[%clk 0:00:07]} Kf6
{[%clk 0:00:14]} 71. f3 {[%clk 0:00:06]} g5 {[%clk 0:00:14]} 72. hxg5+
{[%clk 0:00:06]} Kxg5 {[%clk 0:00:16]} 73. Kh3 {[%clk 0:00:06]} Bf2
{[%clk 0:00:16]} 74. f4+ {[%clk 0:00:07]} Kf5 {[%clk 0:00:16]} 75. Be2
{[%clk 0:00:06]} Be3 {[%clk 0:00:16]} 76. Bxh5 {[%clk 0:00:06]} Ba7
{[%clk 0:00:16]} 77. Be2 {[%clk 0:00:07]} Bb8 {[%clk 0:00:16]} 78. Kg2
{[%clk 0:00:08]} Ba7 {[%clk 0:00:16]} 79. Bd3+ {[%clk 0:00:09]} Kg4
{[%clk 0:00:17]} 80. Be2+ {[%clk 0:00:09]} Kf5 {[%clk 0:00:18]} 81. Kf3
{[%clk 0:00:09]} Bb8 {[%clk 0:00:18]} 82. g4+ {[%clk 0:00:11]} Kf6
{[%clk 0:00:19]} 83. Bd3 {[%clk 0:00:12]} 1-0